The Major Works

Guardat en:
Dades bibliogràfiques
Autor principal: Wilde, Oscar (Autor)
Altres autors: Murray, Isobel (Editor, introduction, notes)
Format: Desconegut
Idioma:anglès
Publicat: Oxford, United Kingdom: Oxford University Press, 2008
Col·lecció:Oxford World's Classics
Matèries:
Etiquetes: Afegir etiqueta
Sense etiquetes, Sigues el primer a etiquetar aquest registre!

MARC

LEADER 00000 a2200000 4500
003 CL-VaPUC
005 20220502152638.0
008 211227b ||||| |||| 00| 0 eng d
999 |c 433930  |d 433928 
020 |a 9780199540761 
040 |c Pontificia Universidad Católica de Valparaíso 
082 7 |a 828.809 WIL 2008  |2 22 
100 |a Wilde, Oscar  |9 325562  |e author 
245 |a The Major Works  
260 |a Oxford, United Kingdom:  |b Oxford University Press,   |c 2008 
300 |a 638 páginas  
490 |a Oxford World's Classics 
583 |k Cristina María Rojas Aguilar  |c 20211227 
600 0 |a Wilde, Oscar  |9 347442  |x Crítica e interpretación  
650 0 |a Drama inglés  |9 311029 
650 0 |a Escritores irlandeses  |9 449761 
700 |a Murray, Isobel   |e editor  |e introduction  |e notes  |9 865792 
942 |2 ddc  |c BK 
952 |0 0  |1 0  |2 ddc  |4 0  |6 828_809000000000000_WIL_2008  |7 0  |8 A  |9 579845  |a BIBEDU  |b BIBEDU  |d 2021-12-27  |e 74  |g 21489.00  |i 5631645  |l 2  |m 2  |o 828.809 WIL 2008  |p 5631645  |r 2023-05-31  |s 2023-05-29  |t 1  |v 21489.00  |w 2021-12-27  |y BK  |k LIT 
952 |0 0  |1 0  |2 ddc  |4 0  |6 828_809000000000000_WIL_2008  |7 0  |8 A  |9 582806  |a BIBEDU  |b BIBEDU  |c GEN  |d 2022-05-02  |e 74  |g 20529.00  |i 5650990  |o 828.809 WIL 2008  |p 5650990  |r 2022-05-02  |t 2  |v 20529.00  |w 2022-05-02  |y BK  |k LIT